000 01143cam a22003617a 4500
003 CHAP
005 20220817043741.0
008 010125d1995 it rn 00110 spa d
010 _a83356
011 _a84328
035 _a94848
040 _cCHAP
082 0 4 _a639.2
_bF48 v.9
110 2 _aFAO
245 1 3 _aEl pejerrey (Odonthestes bonariensis) :
_bmétodos de cría y cultivo masivo
_c/por Jorge L. Reartes.
260 _aRoma :
_bFAO,
_c1995.
300 _a35 p. :
_bgráfs.
410 _aFAO
490 0 _aCOPESCAAL. Documento ocasional
_v; 9
590 _aBATCH-UPD
_b10
_c20130110
_lUCH01
_h0317
590 _aBATCH-UPD
_b10
_c20130110
_lUCH01
_h1906
590 _aBATCH-UPD
_b10
_c20130409
_lUCH01
_h2350
590 _aBATCH-UPD
_b10
_c20130914
_lUCH01
_h1048
590 _aCONVERSION
_b10
_c20130109
_lUCH01
_h1346
650 1 4 _aPejerrey
_xCría de.
_986599
700 0 _aRearte, Jorge L.
_994943
810 0 _aFAO
830 0 0 _aCOPESCAAL. Documento ocasional
_v; 9
_927876
901 _aBK
905 _aPatricia Mendoza P.
942 _cLIBRO
949 _a639.2 F48 v.9
_bBC
_cFAO
_d33724000814588
_eFAO1
_h98944
_i94848
_kDonaciØn
_sb
999 _c83356
_d83356